[Event "Cappelle Online Rapid op"]
[Site "Europe Echecs INT"]
[Date "2021.03.06"]
[Round "2"]
[White "Huynh, Nicolas"]
[Black "Dauletova, Gulmira"]
[Result "1/2-1/2"]
[WhiteElo "1836"]
[BlackElo "2285"]
[PlyCount "96"]
[EventDate "2021.03.06"]
[EventType "swiss (rapid)"]
[EventRounds "9"]
[EventCountry "FRA"]
[SourceTitle "CBM 201 Extra"]
[Source "ChessBase"]
[SourceDate "2021.05.31"]
[SourceVersion "1"]
[SourceVersionDate "2021.05.31"]
[SourceQuality "1"]

1. e4 e5 2. Nf3 Nc6 3. Bb5 a6 4. Bxc6 dxc6 5. d4 exd4 6. Qxd4 Qxd4 7. Nxd4 Bd6 8. Be3 Ne7 9. Nd2 Bd7 10. 0-0-0 0-0-0 11. Nc4 f6 12. Nxd6+ cxd6 13. Bf4 d5 14. Bd6 Ng6 15. exd5 cxd5 16. Bg3 Rhe8 17. Rhe1 Ne5 18. Re2 Nc6 19. Rxe8 Rxe8 20. Nxc6 bxc6 21. Kd2 Bf5 22. c3 Kd7 23. Re1 Rxe1 24. Kxe1 c5 25. Kd2 Kc6 26. f3 Bb1 27. a3 Ba2 28. Kc2 Bc4 29. Bf2 Bf1 30. g3 Bg2 31. f4 Be4+ 32. Kb3 Kb5 33. a4+ Kc6 34. Be1 Bd3 35. Bf2 g6 36. Be3 f5 37. Bf2 Be2 38. Kc2 Bf1 39. b4 cxb4 40. cxb4 Bc4 41. Bd4 Bf1 42. Kc3 Be2 43. a5 Kb5 44. Bb6 Bc4 45. Bd4 Ka4 46. Bb6 Kb5 47. Bd4 Ka4 48. Bb6 Kb5 1/2-1/2

[Event "Cappelle Online Rapid op"]
[Site "Europe Echecs INT"]
[Date "2021.03.06"]
[Round "9"]
[White "Noir, Mathys"]
[Black "Huynh, Nicolas"]
[Result "1-0"]
[WhiteElo "1890"]
[BlackElo "1836"]
[PlyCount "51"]
[EventDate "2021.03.06"]
[EventType "swiss (rapid)"]
[EventRounds "9"]
[EventCountry "FRA"]
[SourceTitle "CBM 201 Extra"]
[Source "ChessBase"]
[SourceDate "2021.05.31"]
[SourceVersion "1"]
[SourceVersionDate "2021.05.31"]
[SourceQuality "1"]

1. e4 c5 2. d4 cxd4 3. c3 dxc3 4. Nxc3 d6 5. Nf3 Nf6 6. Bc4 e6 7. 0-0 Be7 8. Qe2 a6 9. Rd1 Qc7 10. e5 dxe5 11. Nxe5 0-0 12. Bf4 Qa5 13. a3 b5 14. Ba2 Bb7 15. b4 Qb6 16. Rac1 Nc6 17. Nxf7 Rxf7 18. Qxe6 Raf8 19. Nd5 Nxd5 20. Bxd5 Kh8 21. Be3 Qc7 22. Bxc6 Qc8 23. Rd7 Bxc6 24. Rxc6 Qe8 25. Rcc7 Kg8 26. Rxe7 1-0

[Event "Europe Echecs online op April"]
[Site "Europe Echecs INT"]
[Date "2020.04.11"]
[Round "1"]
[White "Amin, Bassem"]
[Black "Huynh, Nicolas"]
[Result "1-0"]
[WhiteElo "2686"]
[BlackElo "1836"]
[PlyCount "55"]
[EventDate "2020.04.11"]
[EventType "swiss (blitz)"]
[EventRounds "11"]
[EventCountry "FRA"]
[SourceTitle "EXT 2021"]
[Source "ChessBase"]
[SourceDate "2020.10.23"]
[SourceVersion "1"]
[SourceVersionDate "2020.10.23"]
[SourceQuality "1"]

1. e4 c5 2. Nf3 d6 3. g3 Nc6 4. Bg2 e6 5. 0-0 g6 6. c3 Bg7 7. d4 cxd4 8. cxd4 Nge7 9. Nc3 0-0 10. Re1 a6 11. h4 b5 12. h5 Bb7 13. h6 Bh8 14. Bg5 Qd7 15. Qd2 Rfc8 16. Rad1 d5 17. e5 b4 18. Na4 a5 19. Nb6 Qd8 20. Nxa8 Rxa8 21. Qf4 Qe8 22. Bf1 Ba6 23. Bxa6 Rxa6 24. Rc1 Na7 25. Rc7 Nac6 26. Rc1 Qd8 27. R7xc6 Rxc6 28. Rxc6 1-0

[Event "Europe Echecs online op April"]
[Site "Europe Echecs INT"]
[Date "2020.04.11"]
[Round "10"]
[White "Huynh, Nicolas"]
[Black "Lehenaff, Julien"]
[Result "0-1"]
[WhiteElo "1836"]
[BlackElo "1810"]
[PlyCount "94"]
[EventDate "2020.04.11"]
[EventType "swiss (blitz)"]
[EventRounds "11"]
[EventCountry "FRA"]
[SourceTitle "EXT 2021"]
[Source "ChessBase"]
[SourceDate "2020.10.23"]
[SourceVersion "1"]
[SourceVersionDate "2020.10.23"]
[SourceQuality "1"]

1. e4 c5 2. Nf3 Nc6 3. d4 cxd4 4. Nxd4 e5 5. Nb5 d6 6. N1c3 Be7 7. Nd5 Kf8 8. Nbc7 Rb8 9. Bc4 Nf6 10. Nxf6 Bxf6 11. Nd5 Be6 12. 0-0 h6 13. c3 Kg8 14. Be3 Kh7 15. f4 exf4 16. Bxf4 Bg5 17. Bg3 Rf8 18. Qe2 Ne5 19. Bb3 b5 20. Rad1 Qd7 21. h3 Qb7 22. Kh1 a5 23. Ne3 Bxb3 24. axb3 Qxe4 25. Rfe1 Qg6 26. Nd5 Rbe8 27. Qxb5 Rb8 28. Qxa5 Rxb3 29. Nf4 Bxf4 30. Bxf4 Nd3 31. Rf1 Rxb2 32. Qd5 Nf2+ 33. Rxf2 Rxf2 34. Bxd6 f5 35. Bxf8 h5 36. Rg1 f4 37. Qd4 Rc2 38. Bd6 h4 39. Bxf4 Qf5 40. Bh2 g5 41. Qa7+ Kh6 42. c4 Rxc4 43. Rb1 Qxb1+ 44. Bg1 Qg6 45. Qa2 Rf4 46. Be3 Rf1+ 47. Kh2 Qd6+ 0-1

[Event "Europe Echecs online op April"]
[Site "Europe Echecs INT"]
[Date "2020.04.11"]
[Round "6"]
[White "Huynh, Nicolas"]
[Black "Salles, Louis"]
[Result "1-0"]
[WhiteElo "1836"]
[BlackElo "2150"]
[PlyCount "125"]
[EventDate "2020.04.11"]
[EventType "swiss (blitz)"]
[EventRounds "11"]
[EventCountry "FRA"]
[SourceTitle "EXT 2021"]
[Source "ChessBase"]
[SourceDate "2020.10.23"]
[SourceVersion "1"]
[SourceVersionDate "2020.10.23"]
[SourceQuality "1"]

1. e4 c5 2. Nf3 d6 3. d4 cxd4 4. Nxd4 Nf6 5. Nc3 a6 6. Be3 e5 7. Nb3 Be6 8. f3 Be7 9. Qd2 Nbd7 10. g4 0-0 11. 0-0-0 b5 12. Qf2 b4 13. Ne2 a5 14. g5 Ne8 15. h4 a4 16. Nd2 Bxa2 17. Ng3 Be6 18. Nf5 a3 19. bxa3 bxa3 20. Nb3 Bxb3 21. cxb3 a2 22. Kb2 d5 23. exd5 Bb4 24. Bd2 Qa5 25. Ka1 Nc5 26. Bc4 Nc7 27. Ne7+ Kh8 28. Nc6 Bxd2 29. Nxa5 Bc3+ 30. Qb2 Bxb2+ 31. Kxb2 Rxa5 32. Ra1 Rb8 33. Rxa2 Rxa2+ 34. Kxa2 Kg8 35. Rd1 Kf8 36. Re1 f6 37. gxf6 gxf6 38. f4 e4 39. Rg1 Ne8 40. d6 Ra8+ 41. Kb2 Nd3+ 42. Kc3 Nxd6 43. Rg8+ Ke7 44. Rxa8 Nc5 45. Kd4 Nd7 46. Ra7 f5 47. Bd5 Nc8 48. Ra6 Ncb6 49. Ra7 Kd6 50. Bg8 h6 51. Bh7 Nc8 52. Rxd7+ Kxd7 53. Bxf5+ Kc7 54. Bxc8 e3 55. Kxe3 Kxc8 56. Ke4 Kb7 57. Kf5 Kb6 58. Kg6 Kb5 59. Kxh6 Kb4 60. f5 Kxb3 61. f6 Kc4 62. f7 Kd4 63. f8Q 1-0

[Event "Europe Echecs online op April"]
[Site "Europe Echecs INT"]
[Date "2020.04.11"]
[Round "7"]
[White "Kirk, Ezra"]
[Black "Huynh, Nicolas"]
[Result "1-0"]
[WhiteElo "2435"]
[BlackElo "1836"]
[PlyCount "63"]
[EventDate "2020.04.11"]
[EventType "swiss (blitz)"]
[EventRounds "11"]
[EventCountry "FRA"]
[SourceTitle "EXT 2021"]
[Source "ChessBase"]
[SourceDate "2020.10.23"]
[SourceVersion "1"]
[SourceVersionDate "2020.10.23"]
[SourceQuality "1"]

1. Nf3 c6 2. c4 d5 3. d4 Nf6 4. Nc3 a6 5. e3 Bf5 6. Ne5 e6 7. Be2 Nbd7 8. f4 Ne4 9. 0-0 h6 10. Bh5 Nxe5 11. fxe5 g6 12. Be2 Nxc3 13. bxc3 Bg7 14. Ba3 Bf8 15. Bxf8 Kxf8 16. c5 Kg7 17. Bd3 Bxd3 18. Qxd3 b5 19. Rf6 Rf8 20. Raf1 Qa5 21. Qd2 Rab8 22. Qf2 Rb7 23. Rxe6 Qxc3 24. Rxc6 b4 25. e6 f5 26. Qf4 Re8 27. Qe5+ Kh7 28. Kh1 Qc4 29. Rg1 Qxa2 30. Rc7+ Re7 31. Rxb7 Rxb7 32. e7 1-0